Statistics for Πρόεδροι της Ελληνικής Δημοκρατίας

Click here to take the quiz!

General Stats

  • This quiz has been taken 107 times
  • The average score is 6 of 9

Answer Stats

ΠερίοδοςΠρόεδρος% Correct
2005 - 2015Κάρολος Παπούλιας
93%
2015 - 2020Προκόπης Παυλόπουλος
93%
2020 -Κατερίνα Σακελλαροπούλου
81%
1995 - 2005Κωνσταντίνος Στεφανόπουλος
71%
1980 - 1985Κωνσταντίνος Καραμανλής
63%
1985 - 1990Χρήστος Σαρτζετάκης
63%
1990 - 1995Κωνσταντίνος Καραμανλής
63%
1975 - 1980Κωνσταντίνος Τσάτσος
48%
1974 - 1975Μιχαήλ Στασινόπουλος
41%

Score Distribution

Percentile by Number Answered

Percent of People with Each Score

Your Score History

You have not taken this quiz